| 000 | 00793nam a2200253 i 4500 | ||
|---|---|---|---|
| 001 | bg | ||
| 245 | 0 | 0 |
_aPodstawy prawa : _bpraca. _nCz.2, _pPrawo w działaniu / _cpod red. Michała Czarnomskiego ; Politechnika Częstochowska. |
| 260 |
_aCzęstochowa : _bWydaw. PC, _c1999. |
||
| 300 |
_a192 s. ; _c23 cm. |
||
| 504 | _aBibliogr. | ||
| 650 | 9 |
_aPrawo międzynarodowe _ystan na 2000 r. |
|
| 650 | 9 |
_aPrawo _zPolska _ystan na 2000 r. |
|
| 650 | 9 |
_aPrawo _xteoria |
|
| 655 | _aPodręczniki akademickie | ||
| 700 | 1 |
_aCzarnomski, Michał _c(1943- ). _eRed. |
|
| 710 | 0 | _aPolitechnika Częstochowska | |
| 020 | _a8371930836 | ||
| 040 | _cBPK | ||
| 041 | 0 | _apl | |
| 080 | _a34(438)+340.1+341](075.8) | ||
| 920 | _a83-7193-083-6 | ||
| 942 | _cKS | ||
| 008 | s pl f |000 0 pol | ||
| 999 |
_c39541 _d39541 |
||
| 856 |
_uhttp://koha.tu.koszalin.pl/cgi-bin/koha/opac-detail.pl?biblionumber=39541 _yKatalog online BPK |
||